00374nam a2200157 a 450000100060000000300090000600800410001502000150005604000280007108200190009910000210011824500140013926000340015330000100018765000190019712663CO-ViMGA141112s2004 ck r 000 u spa d a8477512017 aCO-ViMGAbspacCO-ViMGA04a823.912 C474ec1 aChristie, Agatha10aEl cuadro aBarcelona : bPlaneta, c1996 a235p.14aNOVELA INGLESA